Le Roman d"un Jeune Homme Pauvre

Bibliografische gegevens
Hoofdauteur: Feuillet O. Octave
Andere auteurs: Lambrecht W. A. (иллюстратор)
Taal:Frans
Gepubliceerd in: Paris, Calmann-Levy
Onderwerpen:
Formaat: Boek
KOHA link:https://koha.lib.tpu.ru/cgi-bin/koha/opac-detail.pl?biblionumber=56612

MARC

LEADER 00000nam0a2200000 4500
001 56612
005 20231031053634.0
035 |a (RuTPU)RU\TPU\book\59467 
090 |a 56612 
100 |a 20031003d m y0frey50 ba 
101 0 |a fre 
102 |a fr 
105 |a a z 000ay 
200 1 |a Le Roman d"un Jeune Homme Pauvre  |f O. Feuillet  |g Illustr. W. A. Lambrecht 
210 |a Paris  |c Calmann-Levy 
215 |a 124 с.  |c ил. 
610 1 |a французская литература 
610 1 |a проза 
610 1 |a романы 
686 |a Ч611.68  |v LBC/SL-A  |2 rubbk 
700 1 |a Feuillet  |b O.  |g Octave 
702 1 |a Lambrecht  |b W. A.  |4 440 
801 1 |a RU  |b 63413507  |c 20031003  |g PSBO 
801 2 |a RU  |b 63413507  |c 20031104  |g PSBO 
942 |c BK